Byzantine and modern Greek studies
| Autores Corporativos: | , , |
|---|---|
| Formato: | Electrónico Revista |
| Lenguaje: | inglés |
| Publicado: |
[Oxford, England] :
Basil Blackwell,
[1975]-
Birmingham, England : Centre for Byzantine Studies & Modern Greek, University of Birmingham Leeds, UK : Maney Publishing |
| Materias: | |
| Acceso en línea: | Full text available from Research Library: 04/01/2016 to 1 year ago |
MARC
| LEADER | 00000nas a2200000 i 4500 | ||
|---|---|---|---|
| 001 | ssj0043131 | ||
| 003 | WaSeSS | ||
| 005 | 20200512172242.0 | ||
| 006 | m d | ||
| 007 | cr n | ||
| 008 | 050614c19759999enkfr pos 0 a0eng c | ||
| 010 | |a 2014251111 | ||
| 022 | |a 1749-625X |y 0307-0131 | ||
| 035 | |a (WaSeSS)ssj0043131 | ||
| 037 | |b Customer Sales & Service Department, Maney Publishing, Suite 1C, Joseph's Well, Hanover Walk, Leeds LS3 1AB UK | ||
| 040 | |a OCLCS |b eng |e pn |c OCLCS |d AUD |d OCLCE |d OCLCQ |d OCLCF |d UMC |d OCLCQ |d OCL |d TXA |d VT2 |d DLC |d WaSeSS | ||
| 042 | |a pcc |a dlr | ||
| 043 | |a mm----- | ||
| 050 | 0 | 0 | |a DF541 |
| 082 | 0 | 4 | |a 949.5/005 |
| 245 | 0 | 0 | |a Byzantine and modern Greek studies |h [electronic resource]. |
| 246 | 1 | |i Also called: |a BMGS | |
| 260 | |3 1975-1982/1983: |a [Oxford, England] : |b Basil Blackwell, |c [1975]- | ||
| 260 | 2 | |3 1984/1985-2006: |a Birmingham, England : |b Centre for Byzantine Studies & Modern Greek, University of Birmingham | |
| 260 | 3 | |3 2007- : |a Leeds, UK : |b Maney Publishing | |
| 310 | |a Semiannual, |b 2005- | ||
| 321 | |a Annual, |b 1975-2004 | ||
| 362 | 1 | |a Began with: Volume 1 (1975). | |
| 506 | |a License restrictions may limit access. | ||
| 538 | |a Master and use copy. Digital master created according to Benchmark for Faithful Digital Reproductions of Monographs and Serials, Version 1. Digital Library Federation, December 2002. |u http://purl.oclc.org/DLF/benchrepro0212 |5 MiAaHDL | ||
| 550 | |a Produced in co-operation with the Modern Greek Studies Association, <1977>-1978. | ||
| 550 | |a Published for the Centre for Byzantine, Ottoman, and Modern Greek Studies, the University of Birmingham, <2008-> | ||
| 583 | 1 | |a digitized |c 2010 |h HathiTrust Digital Library |l committed to preserve |2 pda |5 MiAaHDL | |
| 588 | |a Description based on: Volume 1 (1975); title from PDF cover (Cambridge journal, viewed March 22, 2016). | ||
| 588 | |a Latest issue consulted: Volume 44, number 1 (Apr. 2020) (Cambridge journal, viewed Apr. 21, 2020). | ||
| 650 | 1 | 7 | |a Cultuurgeschiedenis. |2 gtt |
| 650 | 7 | |a Civilization. |2 fast |0 (OCoLC)fst00862898 | |
| 650 | 7 | |a Study skills. |2 fast |0 (OCoLC)fst01136216 | |
| 651 | 0 | |a Byzantine Empire |x Study and teaching |v Periodicals. | |
| 651 | 0 | |a Greece |x Civilization |v Periodicals. | |
| 651 | 7 | |a Byzantine Empire. |2 fast |0 (OCoLC)fst01209292 | |
| 651 | 7 | |a Greece. |2 fast |0 (OCoLC)fst01208380 | |
| 655 | 0 | |a Electronic journals. | |
| 710 | 2 | |a Modern Greek Studies Association. | |
| 710 | 2 | |a University of Birmingham. |b Centre for Byzantine Studies & Modern Greek. | |
| 710 | 2 | |a University of Birmingham. |b Centre for Byzantine, Ottoman, and Modern Greek Studies. | |
| 776 | 0 | 8 | |i Print version: |t Byzantine and modern Greek studies |x 0307-0131 |w (DLC) 78641277 |w (OCoLC)2638552 |
| 850 | |a DLC | ||
| 856 | 4 | 0 | |z Full text available from Research Library: 04/01/2016 to 1 year ago |u https://search.proquest.com/publication/2038457 |